Sports Quiz

Random Sports or NBA Quiz

NBA Top 5 Every Position All Time Quiz Stats

 Plays Quiz not verified by Sporcle

Score 0/25 Timer 05:00
0 Plays Today
% Correct
Michael Jordan
96.7%
LeBron James
95.5%
Earvin 'Magic' Johnson
93.8%
Kobe Bryant
90.3%
Wilt Chamberlain
90.1%
Larry Bird
89.2%
Shaquille O'neal
89.1%
Tim Duncan
88.9%
Kareem Abdul-Jabbar
88.9%
Bill Russell
83.5%
John Stockton
83.2%
Karl Malone
80.8%
Hakeem Olajuwon
80.8%
% Correct
Jerry West
77.3%
Oscar Robertson
76.3%
Steve Nash
72.6%
Dwayne Wade
71.8%
Dirk Nowitzki
70.8%
Allen Iverson
69%
Kevin Garnett
67.4%
Charles Barkley
65.1%
Julius Erving
62.6%
John Havlicek
48.4%
Reggie Miller
40.8%
Scottie Pippin
12.4%

You're not logged in!

Compare scores with friends on all Sporcle quizzes.
OR
Log In

Sporcle TV

Today on Sporcle TV


Watch our educational content, quiz creation guides, and fun videos on Sporcle TV.

Show Comments

Extras

Created Jul 24, 2016ReportNominate
Tags:NBA Quiz, Top 5

Top Quizzes Today


Score Distribution

Your Account Isn't Verified!

In order to create a playlist on Sporcle, you need to verify the email address you used during registration. Go to your Sporcle Settings to finish the process.

Report this User

Report this user for behavior that violates our Community Guidelines.

Details: